|
|
|
|
| LEADER |
00000nam0a2200000 4500 |
| 001 |
46822 |
| 005 |
20231101211041.0 |
| 035 |
|
|
|a (RuTPU)RU\TPU\book\48879
|
| 090 |
|
|
|a 46822
|
| 100 |
|
|
|a 20030128d1980 k y0rusy50 ca
|
| 101 |
0 |
|
|a rus
|
| 102 |
|
|
|a RU
|
| 105 |
|
|
|a a g 001zy
|
| 200 |
1 |
|
|a Строение органического вещества
|e данные структурных исследований. 1929-1970.
|f А. И. Китайгородский, П. М. Зоркий, В. К. Бельский
|g Академия наук СССР (АН СССР), Институт элементоорганических соединений им. А. Н. Несмеянова (ИНЭОС), (Москва)
|
| 210 |
|
|
|a Москва
|c Наука
|d 1980
|
| 215 |
|
|
|a 647 с.
|c ил.
|
| 320 |
|
|
|a Форм. указ.: с. 576-608
|
| 320 |
|
|
|a Алф. указ. авт.: с. 609-643
|
| 606 |
1 |
|
|a Органические соединения
|x Строение
|2 stltpush
|3 (RuTPU)RU\TPU\subj\75607
|9 87307
|
| 610 |
1 |
|
|a органическая химия
|
| 610 |
1 |
|
|a органические вещества
|
| 610 |
1 |
|
|a молекулы
|
| 610 |
1 |
|
|a кристаллы
|
| 610 |
1 |
|
|a структура
|
| 610 |
1 |
|
|a справочники
|
| 675 |
|
|
|a 547:544.1(035)
|v 3
|
| 700 |
|
1 |
|a Китайгородский
|b А. И.
|g Александр Исаакович
|
| 701 |
|
1 |
|a Зоркий
|b П. М.
|g Петр Маркович
|
| 701 |
|
1 |
|a Бельский
|b В. К.
|g Виталий Константинович
|
| 712 |
0 |
2 |
|a Академия наук СССР (АН СССР)
|b Институт элементоорганических соединений им. А. Н. Несмеянова (ИНЭОС)
|b (Москва)
|2 stltpush
|3 (RuTPU)RU\TPU\col\12434
|
| 801 |
|
1 |
|a RU
|b 63413507
|c 20030128
|g PSBO
|
| 801 |
|
2 |
|a RU
|b 63413507
|c 20161004
|g PSBO
|
| 942 |
|
|
|c BK
|